[Event "Seebach op 23rd"]
[Site "Grossenseebach"]
[Date "2012.06.08"]
[Round "3"]
[White "Kotz, Reinhard"]
[Black "Keller, Werner"]
[Result "1-0"]
[WhiteElo "2103"]
[BlackElo "1688"]
[PlyCount "111"]
[EventDate "2012.06.07"]
[EventType "swiss"]
[EventRounds "7"]
[EventCountry "GER"]
[SourceTitle "EXT 2013"]
[Source "ChessBase"]
[SourceDate "2012.11.22"]
[SourceVersion "1"]
[SourceVersionDate "2012.11.22"]
[SourceQuality "1"]

1. f4 g6 2. e4 d6 3. Nf3 Nf6 4. Nc3 c5 5. Bc4 e6 6. 0-0 a6 7. a4 Nc6 8. d3 Bg7 9. Ne2 d5 10. exd5 exd5 11. Bb3 0-0 12. c3 Re8 13. Ng3 Na5 14. Bc2 Bg4 15. h3 Bc8 16. Ne5 Nd7 17. Nxd7 Bxd7 18. f5 Qh4 19. Qf3 Bc6 20. Qf4 Qxf4 21. Bxf4 b5 22. Bc7 Nb7 23. f6 Bh6 24. Bf4 Bxf4 25. Rxf4 Re3 26. axb5 Bxb5 27. Nf1 Re2 28. Bd1 Rxb2 29. Bf3 Bxd3 30. Bxd5 Rd8 31. Bf3 Nd6 32. Ne3 Rb1+ 33. Rxb1 Bxb1 34. Ra4 Bd3 35. Ra5 Ne8 36. c4 Nxf6 37. Rxa6 Re8 38. Rxf6 Rxe3 39. Bd5 Re7 40. Rc6 Be4 41. Rxc5 Bxd5 42. Rxd5 Rc7 43. Rd4 Kf8 44. Kf2 Ke7 45. Ke3 Rd7 46. Rxd7+ Kxd7 47. Ke4 Kd6 48. c5+ Kxc5 49. Ke5 Kc4 50. Kf6 Kd3 51. Kxf7 Ke4 52. Kg7 Kf4 53. Kxh7 g5 54. Kg6 g4 55. h4 Kg3 56. Kg5 1-0

[Event "Mittelfranken-ch HT 60th"]
[Site "Buechenbach/Roth"]
[Date "2011.04.22"]
[Round "9"]
[White "Keller, Werner"]
[Black "Leis, Stefan"]
[Result "1/2-1/2"]
[WhiteElo "1710"]
[BlackElo "1908"]
[PlyCount "116"]
[EventDate "2011.04.19"]
[EventType "swiss"]
[EventRounds "9"]
[EventCountry "GER"]
[SourceTitle "CBM 142 Extra"]
[Source "ChessBase"]
[SourceDate "2011.06.27"]
[SourceVersion "1"]
[SourceVersionDate "2011.06.27"]
[SourceQuality "1"]

1. Nf3 e6 2. g3 f5 3. d3 b6 4. Bg2 Bb7 5. 0-0 Be7 6. Nc3 Nf6 7. Re1 0-0 8. e4 Nc6 9. e5 Nd5 10. h4 Nxc3 11. bxc3 Na5 12. Bg5 h6 13. Bc1 Qe8 14. Nd4 f4 15. h5 f3 16. Bxf3 Rxf3 17. Nxf3 Qf7 18. Nh2 Rf8 19. Rf1 Qf5 20. Qg4 Qxe5 21. Bxh6 Qf6 22. Bd2 Kh7 23. Rae1 Bd6 24. Qh3 Bc5 25. Ng4 Qf5 26. Re5 Qf7 27. Rg5 Nc6 28. h6 g6 29. Rxc5 bxc5 30. Bg5 Qf5 31. Qh4 Ne5 32. Nxe5 Qxe5 33. Bf4 Qf6 34. Qxf6 Rxf6 35. Be3 Bc6 36. Rb1 Rf8 37. d4 a5 38. Kf1 c4 39. Ke1 Rg8 40. Bg5 Rf8 41. f4 Re8 42. Kd2 Kg8 43. Bf6 Kh7 44. Re1 d6 45. Re3 Rf8 46. Rxe6 Rf7 47. Bg5 Bd7 48. Re7 Rxe7 49. Bxe7 Kxh6 50. d5 c6 51. dxc6 Bxc6 52. Bxd6 Kg7 53. Ke3 Kf7 54. Kd4 Ke6 55. Bc7 a4 56. Kxc4 Bd5+ 57. Kb4 Bxa2 58. Kxa4 Kd5 1/2-1/2

[Event "Mittelfranken-ch HT 60th"]
[Site "Buechenbach/Roth"]
[Date "2011.04.20"]
[Round "4"]
[White "Keller, Werner"]
[Black "Pokorny, Klaus"]
[Result "0-1"]
[WhiteElo "1710"]
[BlackElo "1848"]
[PlyCount "74"]
[EventDate "2011.04.19"]
[EventType "swiss"]
[EventRounds "9"]
[EventCountry "GER"]
[SourceTitle "CBM 142 Extra"]
[Source "ChessBase"]
[SourceDate "2011.06.27"]
[SourceVersion "1"]
[SourceVersionDate "2011.06.27"]
[SourceQuality "1"]

1. Nf3 Nf6 2. d3 g6 3. g3 Bg7 4. Bg2 0-0 5. 0-0 d5 6. Nbd2 c6 7. e4 dxe4 8. dxe4 Bg4 9. Qe1 Bxf3 10. Nxf3 e6 11. Qe2 Na6 12. e5 Nd5 13. c4 Nb6 14. Bf4 Qc7 15. Rfd1 Rad8 16. Bg5 Rxd1+ 17. Rxd1 h6 18. Bf6 Bxf6 19. exf6 Rd8 20. Rc1 Nd7 21. Qe3 Qb6 22. Qxh6 Nxf6 23. Re1 Qxf2+ 24. Kh1 Qxb2 25. Ng5 Nc5 26. Rf1 Nd3 27. Be4 Nf2+ 28. Kg1 N2xe4 29. Nxe6 fxe6 30. Qxg6+ Kf8 31. Qxe4 Ke7 32. Qf3 Qd4+ 33. Rf2 Qd1+ 34. Kg2 Qxf3+ 35. Kxf3 Rd3+ 36. Kf4 Rd4+ 37. Kg5 Ne4+ 0-1

[Event "Mittelfranken Mitte-ch 1011"]
[Site "Zirndorf"]
[Date "2011.01.09"]
[Round "6"]
[White "Schilay, Eva"]
[Black "Keller, Werner"]
[Result "0-1"]
[WhiteElo "1079"]
[BlackElo "1665"]
[PlyCount "100"]
[EventDate "2011.01.06"]
[EventType "swiss"]
[EventRounds "7"]
[EventCountry "GER"]
[SourceTitle "EXT 2015"]
[Source "ChessBase"]
[SourceDate "2014.11.20"]
[SourceVersion "1"]
[SourceVersionDate "2014.11.20"]
[SourceQuality "1"]

1. e4 d6 2. Nf3 g6 3. Bc4 e6 4. Nc3 Bg7 5. d3 a6 6. Bg5 Ne7 7. 0-0 b5 8. Bb3 h6 9. Be3 c5 10. a4 b4 11. Ne2 Bxb2 12. Ra2 Bg7 13. a5 Nbc6 14. Ba4 0-0 15. Bxc6 Nxc6 16. d4 c4 17. Ra4 d5 18. e5 Rb8 19. Qa1 Rb5 20. c3 b3 21. Nd2 Bd7 22. h3 Qc7 23. Qa3 Rfb8 24. Rb1 b2 25. Kf1 Bf8 26. Qa2 Na7 27. Ke1 R5b7 28. Rb4 Bxb4 29. Rxb2 Bxc3 30. Rxb7 Bxd2+ 31. Bxd2 Qxb7 32. Qa1 Qb1+ 33. Qxb1 Rxb1+ 34. Nc1 Nb5 35. Kd1 Nxd4 36. Be3 Nb3 37. Kc2 Rxc1+ 38. Bxc1 Nxc1 39. Kxc1 Kf8 40. Kd2 Ke8 41. Kc2 d4 42. g4 Kd8 43. Kd2 Kc7 44. f4 Ba4 45. Kc1 c3 46. h4 d3 47. Kb1 d2 48. Ka2 d1Q 49. g5 Qb3+ 50. Ka1 Qb2# 0-1